01264nam a22001817a 450000500170000000800410001702000150005804000070007304100080008008200200008810000160010824500470012426000400017130000250021136500240023652008030026070000190106320211106094003.0211106b ||||| |||| 00| 0 eng d a8170491622 cAL aeng 223a954.6bSIRT aMajid Siraj aTowards Peace in Jammu, Kashmir and Ladakh bNew DelhiaManas Publicationsc2003 a212p.bHBc22x14 cm. b795.00c₹d795.00 aThe Book Is A Unique Approach Not Only To Chronicle The Singularities Of The Complex Discord Ravaging This Beautiful Part Of The Sub-Continent But To Highlight The Ways Of Getting Out Of The Morass. Peace Making Is A Challenge But By Exploiting The Momentum In The Right Direction, A Ripple Effect Takes Over And The Goal Of An Ultimate Solution Can Be Achieved. Pakistan'S Sponsored Terrorism Is Prelude To Disorder & Responsible For Inordinate Suffering. We Witness The Colossal Pain People In This Region Have Been Enduring For Many Years. Political Thinkers Have Come Out With Thought Provoking Views Which Conform With The Cause And Effect Basis Of The Dispute. The Book Invokes Strands Of Higher Politics And Philosophy. It Gives A Different And Unique Thought For The Politics In South Asia. aSIRAJ (Majid)